000 00583nam a2200193Ia 4500
008 151119s9999||||xx |||||||||||||| ||und||
082 _a28.5
082 _bGKKV5143
100 _aदेवळे श रा
245 _aराजा विक्रमाच्या कथा
260 _a--
260 _b--
260 _c0
600 _aदेवळे श रा
630 _aराजा विक्रमाच्या कथा
700 _aदेवळे श रा
730 _aराजा विक्रमाच्या कथा
942 _cBOOK
999 _c1060239
_d1060236